Collected Papers (1962-1999) /
The papers collected in this volume deal mainly with ancient Greek or Roman philosophy. They range chronologically from the 5th century BC to the 6th century AD, and in them the evidence is fully presented and discussed. They are concerned mainly with the Presocratics, Plato, Aristotle, the Early Ac...
المؤلف الرئيسي:
التنسيق: كتاب الكتروني
اللغة: English
منشور في:
Leiden; Boston :
BRILL,
2001.
سلاسل:
Brill Book Archive Part 1, ISBN: 9789004472495.
الموضوعات:
الوصول للمادة أونلاين: Login to view Source
الوسوم: إضافة وسم
رقم الطلب: B171
| LEADER | 02434nam a22004698i 4500 | ||
|---|---|---|---|
| 001 | BRILL9789004453289 | ||
| 003 | nllekb | ||
| 005 | 20230529210112.0 | ||
| 006 | m d | ||
| 007 | cr un uuuua | ||
| 008 | 200716s2001 ne sb 001 0 eng d | ||
| 010 | |z 2001043416 | ||
| 020 | |a 9789004453289 |q (electronic book) | ||
| 020 | |a 9789004123045 |q (print) | ||
| 024 | 7 | |a 10.1163/9789004453289 |2 DOI | |
| 035 | |a (OCoLC)651906765 | ||
| 040 | |a NL-LeKB |c NL-LeKB |e rda | ||
| 043 | |a e-gr--- | ||
| 050 | 0 | 0 | |a B171 |
| 072 | 7 | |a DSBB |2 bicssc | |
| 072 | 7 | |a LIT |x 004190 |2 bisacsh | |
| 072 | 7 | |a LIT |x 011000 |2 bisacsh | |
| 082 | 0 | 0 | |a 180 |2 21 |
| 100 | 1 | |a Tarán |e author. | |
| 245 | 1 | 0 | |a Collected Papers (1962-1999) / |c Tarán. |
| 264 | 1 | |a Leiden; |a Boston : |b BRILL, |c 2001. | |
| 300 | |a 1 online resource. | ||
| 336 | |a text |b txt |2 rdacontent | ||
| 337 | |a computer |b c |2 rdamedia | ||
| 338 | |a online resource |2 rdacarrier | ||
| 490 | 1 | |a Brill Book Archive Part 1, ISBN: 9789004472495 | |
| 504 | |a Includes bibliographical references and index. | ||
| 520 | |a The papers collected in this volume deal mainly with ancient Greek or Roman philosophy. They range chronologically from the 5th century BC to the 6th century AD, and in them the evidence is fully presented and discussed. They are concerned mainly with the Presocratics, Plato, Aristotle, the Early Academy, the Platonic and Aristotelian traditions, especially as represented by Neoplatonism. In addition, there are a few more general articles. The first deals with the saying "Amicus Plato sed magis amica veritas" and studies the different forms of this proverb from the time of Plato and Aristotle to Cervantes in the 17th century. Another one discusses the rather complex transmission of Plato's alleged epitaph. A third one deals in detail with an incomplete but interesting allegorical interpretation of Heliodorus' Aethiopica . | ||
| 559 | 0 | 0 | |a B171 |
| 588 | |a Description based on print version record. | ||
| 650 | 0 | |a Philosophy, Ancient. | |
| 776 | 0 | 8 | |i Print version: |t Collected Papers (1962-1999). |d Leiden ; Boston : BRILL, 2001 |z 9789004123045 |w (OCoLC)47922790 |
| 830 | 0 | |a Brill Book Archive Part 1, ISBN: 9789004472495. | |
| 856 | 4 | |z DOI: |u http://dx.doi.org/10.1163/9789004453289 | |
| 942 | |2 lcc |c EBOOK | ||
| 952 | |0 0 |1 0 |2 lcc |4 0 |6 B0171 |7 1 |9 47765 |a BRILL |b BRILL |d 2023-05-29 |l 0 |o B171 |r 2023-05-29 00:00:00 |w 2023-05-29 |y EBOOK | ||
| 999 | |c 53109 |d 53109 | ||
